000 00713nam a2200193Ia 4500
008 151121s9999||||xx |||||||||||||| ||und||
082 _a330/गाडगी
082 _bHNW-30457
100 _aगाडगीळ बाळ
245 _aअर्थशास्त्राचे शिल्पकार
260 _b"मॅजेस्टिक बुक स्टॉल, मुंबई।"
260 _c--
300 _a290
600 _aगाडगीळ बाळ
630 _aअर्थशास्त्राचे शिल्पकार
700 _aगाडगीळ बाळ
730 _aअर्थशास्त्राचे शिल्पकार
942 _cBOOK
999 _c1224996
_d1224993